000 00637nam a2200229 a 4500
001 86288
003 BD-RjUL
005 20260401121745.0
008 260401r20232022ii ||||| |||| 00| 0 eng d
020 _a9789392924187
035 _a(BD-RjUL)86288
040 _aBD-RjUL
_beng
_cBD-RjUL
041 _aeng
082 _223
_a572.8
_bGUC 2023
100 _aGupta, P. K.
_917952
245 _aCytogenetics :
_bIncluding Molecular Cytogenetics /
_cP. K. Gupta
250 _a2nd rev. & enl ed.
260 _aMeerut :
_bRastogi Publications,
_c2022-2023
300 _a524 p.:
_bill.;
_c25 cm.
650 _aCytogenetics
942 _2ddc
_cBK
999 _c86288
_d86288